A continvation of the histories of forrein martyrs : from the happy reigne of the most renowned Qu. Elizabeth, to these times : with sundry relations of those bloody massacres executed vpon the Protestants in the cities of France, in the yeare 1572 : wherevnto are annexed the two famous deliuerances of our English nation : the one from the Spanish inuasion, in 88 : the other, from the Gunpowder Treason, in 1605 : together with the barbarous cruelties exercised vpon the professors of the Gospell in the Valtoline, 1621.

Bibliographic Details
Format: eBook
Language:English
Published: London : Printed by Adam Islip, Fœlix Kingston, and Robert Yong, 1632.
Series:Early English books online.
Subjects:
Online Access:Connect to the full text of this electronic book

MARC

Tag First Indicator Second Indicator Subfields
LEADER 00000nam a2200000Ia 4500
001 in00004200288
005 20200806090425.0
006 m g d
007 cr bn |||a|bb|
008 080428s1632 enk o 000 0 eng d
040 |a UMI  |c UMI 
035 |a (OCoLC)226319975 
037 |a CL2105000002  |b ProQuest Information and Learning, 789 E. Eisenhower Parkway, Ann Arbor, MI 48108-3218 
043 |a e-uk-en 
090 |a Z242.T6  |b 1631 
049 |a UMIA 
245 0 2 |a A continvation of the histories of forrein martyrs :  |b from the happy reigne of the most renowned Qu. Elizabeth, to these times : with sundry relations of those bloody massacres executed vpon the Protestants in the cities of France, in the yeare 1572 : wherevnto are annexed the two famous deliuerances of our English nation : the one from the Spanish inuasion, in 88 : the other, from the Gunpowder Treason, in 1605 : together with the barbarous cruelties exercised vpon the professors of the Gospell in the Valtoline, 1621. 
246 3 0 |a Continuation of the histories of foreign martyrs 
260 |a London :  |b Printed by Adam Islip, Fœlix Kingston, and Robert Yong,  |c 1632. 
300 |a 1 online resource ([1]+ pages) 
336 |a text  |b txt  |2 rdacontent 
337 |a computer  |b c  |2 rdamedia 
338 |a online resource  |b cr  |2 rdacarrier 
500 |a Includes title page border (McK. and Ferg. 148). 
500 |a This title is included in STC (2nd edition) 11228, Foxe, John. Acts and monuments. 1632-- Cf. STC (2nd edition) 
500 |a Imperfect; title page only. 
500 |a Reproduction of original in the British Library. 
510 4 |a Early English books tract supplement interim guide  |c Harl.5936 
510 4 |a STC (2nd edition)  |c 11228 
533 |a Electronic reproduction.  |b Ann Arbor, Mich. :  |c UMI,  |d 1999-  |f (Early English books online)  |n Digital version of: (Early English books; Tract supplement ; E1:3[121a])  |7 s1999 miun s 
650 0 |a Title pages  |z England  |y 17th century. 
830 0 |a Early English books online. 
856 4 0 |u http://proxy.library.tamu.edu/login?url=https://search.proquest.com/docview/2240874499  |z Connect to the full text of this electronic book  |t 0 
994 |a 02  |b UMI 
999 f f |s 20359891-4773-3d6a-8d27-08cb8205b1d2  |i b747dd5f-25fe-3354-a8a5-6ff3e7bfc569  |t 0 
952 f f |a Texas A&M University  |b College Station  |c Electronic Resources  |d Available Online  |t 0  |e Z242.T6 1631  |h Library of Congress classification 
998 f f |a Z242.T6 1631  |t 0  |l Available Online